[Event "Asian Cities-chT"]
[Site "Khanty-Mansiysk"]
[Date "2024.04.25"]
[Round "5.3"]
[White "Mohammadi, Melika"]
[Black "Pridorozhni, Aleksei"]
[Result "1/2-1/2"]
[WhiteElo "2148"]
[BlackElo "2509"]
[PlyCount "82"]
[EventDate "2024.04.21"]
[EventType "team-swiss"]
[EventRounds "9"]
[EventCountry "RUS"]
[SourceTitle "CB18_2024"]
[SourceDate "2024.05.01"]
[SourceVersion "1"]
[SourceVersionDate "2024.05.01"]
[SourceQuality "2"]
[WhiteTeam "Tehran (W)"]
[BlackTeam "Surgut"]
[WhiteTeamCountry "IRI"]
[BlackTeamCountry "RUS"]

1. e4 e5 2. Nf3 Nc6 3. Bb5 a6 4. Ba4 d6 5. 0-0 Bd7 6. c3 g6 7. d4 Bg7 8. Bg5 f6 9. Be3 Nh6 10. dxe5 dxe5 11. Bc5 Bf8 12. Bxf8 Rxf8 13. Nbd2 Qe7 14. Qe2 Kf7 15. Bb3+ Kg7 16. Nc4 Nd8 17. Ne3 Ne6 18. Nd5 Qc5 19. Rfd1 Rad8 20. Ne1 Bb5 21. Qc2 Nf7 22. Nd3 Bxd3 23. Rxd3 Neg5 24. Re1 Nd6 25. Rdd1 Rd7 26. h4 Ngf7 27. Rd3 Rfd8 28. Rf3 Ne8 29. Rg3 b5 30. Ne3 a5 31. Be6 Rd2 32. Qc1 R8d3 33. Rf3 b4 34. Bc4 Rd8 35. Bd5 bxc3 36. bxc3 R8xd5 37. Nxd5 Rxa2 38. Qb1 Rd2 39. Qc1 Ra2 40. Qb1 Rd2 41. Qb8 Qc6 1/2-1/2

[Event "Asian Cities-chT"]
[Site "Khanty-Mansiysk"]
[Date "2024.04.23"]
[Round "3.3"]
[White "Mohammadi, Melika"]
[Black "Rodin, Dmitrij"]
[Result "1-0"]
[WhiteElo "2148"]
[BlackElo "2321"]
[PlyCount "85"]
[EventDate "2024.04.21"]
[EventType "team-swiss"]
[EventRounds "9"]
[EventCountry "RUS"]
[SourceTitle "CB18_2024"]
[SourceDate "2024.05.01"]
[SourceVersion "1"]
[SourceVersionDate "2024.05.01"]
[SourceQuality "2"]
[WhiteTeam "Tehran (W)"]
[BlackTeam "Tula"]
[WhiteTeamCountry "IRI"]
[BlackTeamCountry "RUS"]

1. e4 e5 2. Nf3 Nc6 3. Bb5 a6 4. Ba4 Nf6 5. 0-0 Be7 6. Re1 b5 7. Bb3 0-0 8. a4 b4 9. d4 d6 10. dxe5 Nxe5 11. Nbd2 Ned7 12. Nd4 Nc5 13. Nc4 Bd7 14. Ba2 Bxa4 15. e5 dxe5 16. Nxe5 Bd6 17. Bg5 Bb5 18. Nxf7 Rxf7 19. Bxf7+ Kxf7 20. Bxf6 Qxf6 21. Nxb5 Rf8 22. Nxd6+ cxd6 23. Re3 Kg8 24. Qd5+ Qf7 25. Qxf7+ Rxf7 26. Re8+ Rf8 27. Rxf8+ Kxf8 28. Kf1 Ke7 29. Ke2 Kd7 30. Ke3 Kc6 31. Kd4 b3 32. c4 Kb6 33. Re1 a5 34. Kc3 h5 35. h4 g6 36. Re7 a4 37. f3 Ka5 38. g4 Kb6 39. gxh5 gxh5 40. f4 Kc6 41. f5 d5 42. cxd5+ Kxd5 43. f6 1-0

[Event "Titled Tuesday intern op 12th Mar Early"]
[Site "Chess.com INT"]
[Date "2024.03.12"]
[Round "7"]
[White "Mohammadi, Melika"]
[Black "Garcia Correa, Jose Ricardo"]
[Result "1-0"]
[WhiteElo "2177"]
[BlackElo "2103"]
[PlyCount "59"]
[EventDate "2024.03.12"]
[EventType "swiss (blitz)"]
[EventRounds "11"]
[EventCountry "USA"]
[SourceTitle "CB12_2024"]
[SourceDate "2023.10.01"]
[SourceVersion "1"]
[SourceVersionDate "2023.10.01"]
[SourceQuality "1"]

1. e4 c5 2. Nf3 e6 3. d4 cxd4 4. Nxd4 a6 5. Bd3 Nc6 6. Nxc6 dxc6 7. 0-0 Qc7 8. f4 Bc5+ 9. Kh1 e5 10. f5 h6 11. Qg4 Bf8 12. Be3 Nf6 13. Qf3 c5 14. c4 b6 15. Nc3 Bb7 16. Rad1 0-0-0 17. Nd5 Bxd5 18. cxd5 Kb8 19. Bxa6 Qa7 20. Bc4 Qa4 21. Rc1 Bd6 22. a3 b5 23. b3 Qa6 24. Bd3 Rc8 25. a4 c4 26. axb5 Qxb5 27. bxc4 Qd7 28. c5 Bxc5 29. Bxc5 Rxc5 30. Rxc5 1-0

[Event "Titled Tuesday intern op 13th Feb Early"]
[Site "Chess.com INT"]
[Date "2024.02.13"]
[Round "9"]
[White "Hayrapetyan, Edgar"]
[Black "Mohammadi, Melika"]
[Result "1-0"]
[WhiteElo "2343"]
[BlackElo "2177"]
[PlyCount "75"]
[EventDate "2024.02.13"]
[EventType "swiss (blitz)"]
[EventRounds "11"]
[EventCountry "USA"]
[SourceTitle "CB08_2024"]
[SourceDate "2024.02.21"]
[SourceVersion "1"]
[SourceVersionDate "2024.02.21"]
[SourceQuality "1"]

1. e4 e5 2. Nf3 Nc6 3. Bb5 a6 4. Ba4 Nf6 5. 0-0 Be7 6. Bxc6 dxc6 7. d3 Nd7 8. Nbd2 0-0 9. Nc4 f6 10. Nh4 Nc5 11. Nf5 Bxf5 12. exf5 b5 13. Ne3 Qd7 14. Bd2 Rad8 15. Ba5 Nb7 16. Bc3 Nd6 17. Qf3 Nf7 18. Rad1 Bc5 19. Rde1 Nh6 20. g4 Nf7 21. h4 Rfe8 22. Ng2 Nd6 23. Re2 Bb6 24. Rfe1 c5 25. Ne3 e4 26. dxe4 Nxe4 27. Rd1 Nd6 28. Nd5 b4 29. Bxf6 Rxe2 30. Qxe2 Re8 31. Qf3 Qf7 32. Bg5 Nc4 33. Nf4 h6 34. Bxh6 gxh6 35. Qc6 Qg7 36. Ng6 Qf7 37. Rd7 Qf6 38. Qxf6 1-0

[Event "Titled Tuesday intern op 13th Feb Early"]
[Site "Chess.com INT"]
[Date "2024.02.13"]
[Round "7"]
[White "Mohammadi, Melika"]
[Black "Vlassov, Nikolai"]
[Result "0-1"]
[WhiteElo "2177"]
[BlackElo "2299"]
[PlyCount "64"]
[EventDate "2024.02.13"]
[EventType "swiss (blitz)"]
[EventRounds "11"]
[EventCountry "USA"]
[SourceTitle "CB08_2024"]
[SourceDate "2024.02.21"]
[SourceVersion "1"]
[SourceVersionDate "2024.02.21"]
[SourceQuality "1"]

1. e4 Nc6 2. Nf3 d5 3. exd5 Qxd5 4. Nc3 Qa5 5. d4 Bg4 6. Bd2 0-0-0 7. d5 Nb4 8. Bc4 Bxf3 9. gxf3 Nf6 10. a3 Qc5 11. Bb3 Nbxd5 12. Nxd5 Nxd5 13. Qe2 e6 14. 0-0-0 Be7 15. Bxd5 Rxd5 16. Bc3 Rhd8 17. Rxd5 Qxd5 18. Kb1 Bf6 19. Bxf6 gxf6 20. Rg1 h5 21. f4 b6 22. Qa6+ Qb7 23. Qe2 Qd5 24. Qa6+ Kb8 25. Qe2 Kb7 26. b3 a5 27. a4 Qf5 28. Qf3+ Qd5 29. Qc3 e5 30. fxe5 fxe5 31. Rg5 f6 32. Rxh5 Qd1+ 0-1

[Event "Titled Tuesday intern op 16th Jan Early"]
[Site "Chess.com INT"]
[Date "2024.01.16"]
[Round "3"]
[White "Mohammadi, Melika"]
[Black "Al Tarbosh, Ward"]
[Result "1-0"]
[WhiteElo "2173"]
[BlackElo "2278"]
[PlyCount "111"]
[EventDate "2024.01.16"]
[EventType "swiss (blitz)"]
[EventRounds "11"]
[EventCountry "USA"]
[SourceTitle "CB04_2024"]
[SourceDate "2023.10.16"]
[SourceVersion "1"]
[SourceVersionDate "2023.10.16"]
[SourceQuality "1"]

1. e4 e6 2. d4 d5 3. Nc3 Nf6 4. e5 Nfd7 5. Nce2 c5 6. c3 Nc6 7. Nf3 Qb6 8. a3 Be7 9. b4 cxd4 10. cxd4 f6 11. Nf4 fxe5 12. Nxe6 e4 13. Nfg5 Bxg5 14. Bxg5 Nf6 15. Bxf6 gxf6 16. Qh5+ Ke7 17. Nc5 Nxd4 18. 0-0-0 Ne6 19. Rxd5 Nxc5 20. Rxc5 Be6 21. Be2 Rac8 22. Kb2 Rxc5 23. Qxc5+ Qxc5 24. bxc5 Rd8 25. Rd1 Rc8 26. Rc1 f5 27. Bb5 Kf6 28. c6 bxc6 29. Rxc6 Rb8 30. a4 Ke5 31. Kc3 Bd5 32. Rc7 Rb7 33. Rxb7 Bxb7 34. g3 f4 35. Kd2 h5 36. Be2 f3 37. Bd1 Kd4 38. Bc2 Bd5 39. a5 Bc4 40. Bd1 Bd3 41. h4 Bc4 42. Bc2 Be6 43. Bd1 Bf5 44. Bc2 Bg6 45. Bd1 Kc4 46. Ke3 Kb5 47. Bc2 Kxa5 48. Bxe4 Bxe4 49. Kxe4 Kb4 50. g4 hxg4 51. h5 g3 52. Kxf3 a5 53. h6 a4 54. h7 g2 55. Kxg2 a3 56. h8Q 1-0

[Event "Titled Tuesday intern op 16th Jan Early"]
[Site "Chess.com INT"]
[Date "2024.01.16"]
[Round "5"]
[White "Mohammadi, Melika"]
[Black "Kiselev, Vitaliy1"]
[Result "0-1"]
[WhiteElo "2173"]
[BlackElo "2519"]
[PlyCount "64"]
[EventDate "2024.01.16"]
[EventType "swiss (blitz)"]
[EventRounds "11"]
[EventCountry "USA"]
[SourceTitle "CB04_2024"]
[SourceDate "2023.10.16"]
[SourceVersion "1"]
[SourceVersionDate "2023.10.16"]
[SourceQuality "1"]

1. e4 c5 2. Nf3 e6 3. d4 cxd4 4. Nxd4 Qb6 5. Nc3 Bc5 6. Na4 Qa5+ 7. c3 Bxd4 8. Qxd4 Nf6 9. Qc5 Qxc5 10. Nxc5 d6 11. e5 dxc5 12. exf6 gxf6 13. Be3 b6 14. 0-0-0 Ba6 15. c4 Nc6 16. Be2 Rd8 17. Rxd8+ Kxd8 18. Rd1+ Ke7 19. b3 Bb7 20. Bf3 Na5 21. Bxb7 Nxb7 22. f3 f5 23. Bf4 Rd8 24. Rxd8 Nxd8 25. Kc2 Nc6 26. Kd3 e5 27. Bg5+ f6 28. Bd2 h5 29. h4 Nb4+ 30. Bxb4 cxb4 31. c5 bxc5 32. Kc4 e4 0-1

[Event "Titled Tuesday intern op 16th Jan Early"]
[Site "Chess.com INT"]
[Date "2024.01.16"]
[Round "2"]
[White "Viana, Valeria"]
[Black "Mohammadi, Melika"]
[Result "0-1"]
[WhiteElo "1792"]
[BlackElo "2173"]
[PlyCount "54"]
[EventDate "2024.01.16"]
[EventType "swiss (blitz)"]
[EventRounds "11"]
[EventCountry "USA"]
[SourceTitle "CB04_2024"]
[SourceDate "2023.10.16"]
[SourceVersion "1"]
[SourceVersionDate "2023.10.16"]
[SourceQuality "1"]

1. e4 e5 2. Nf3 Nc6 3. Bb5 a6 4. Ba4 Nf6 5. 0-0 Be7 6. Re1 b5 7. Bb3 0-0 8. c3 d5 9. exd5 Nxd5 10. Nxe5 Nxe5 11. Rxe5 c6 12. d4 Bd6 13. Re1 Qh4 14. g3 Qh3 15. Qe2 Bg4 16. Qf1 Qh5 17. Nd2 Rae8 18. Bxd5 cxd5 19. b3 Bh3 20. Rxe8 Rxe8 21. Bb2 Bxf1 22. Rxf1 Re2 23. Bc1 h6 24. a4 Qf5 25. axb5 axb5 26. Kg2 Qc2 27. Nf3 Qxc3 0-1

[Event "Titled Tuesday intern op 16th Jan Early"]
[Site "Chess.com INT"]
[Date "2024.01.16"]
[Round "11"]
[White "Zhu, Jiner"]
[Black "Mohammadi, Melika"]
[Result "0-1"]
[WhiteElo "2467"]
[BlackElo "2173"]
[PlyCount "118"]
[EventDate "2024.01.16"]
[EventType "swiss (blitz)"]
[EventRounds "11"]
[EventCountry "USA"]
[SourceTitle "CB04_2024"]
[SourceDate "2023.10.16"]
[SourceVersion "1"]
[SourceVersionDate "2023.10.16"]
[SourceQuality "1"]

1. e4 e5 2. Nf3 Nc6 3. Bb5 a6 4. Ba4 Nf6 5. 0-0 Be7 6. Re1 b5 7. Bb3 0-0 8. c3 d5 9. exd5 Nxd5 10. Nxe5 Nxe5 11. Rxe5 c6 12. d3 Bd6 13. Re1 Bf5 14. Qf3 Qh4 15. g3 Qh3 16. Be3 Bxd3 17. Nd2 Bf5 18. Bxd5 cxd5 19. Bd4 Rad8 20. Re3 Bg4 21. Qg2 Qxg2+ 22. Kxg2 f5 23. f4 Rfe8 24. Rae1 Rxe3 25. Rxe3 Kf7 26. a3 Re8 27. Kf2 Rxe3 28. Kxe3 g6 29. Nb3 Bd1 30. Na5 Bc2 31. Nb7 Be7 32. Bc5 Bf6 33. Bb4 d4+ 34. cxd4 Ke6 35. Bc3 Kd5 36. Kd2 Bb1 37. Ke3 Bc2 38. h3 Bd1 39. Nc5 a5 40. Nd3 Bc2 41. Ne1 Be4 42. Nd3 Bxd3 43. Kxd3 a4 44. g4 h5 45. gxf5 gxf5 46. Ke3 Kc4 47. Kd2 Bxd4 48. Kc2 Bxc3 49. bxc3 Kc5 50. Kd3 Kd5 51. Ke3 Kc4 52. Kd2 Kb3 53. Kd3 Kxa3 54. Kd4 Kb2 55. Ke5 a3 56. Kxf5 a2 57. Kg5 a1Q 58. f5 Qf1 59. Kxh5 Qxh3+ 0-1

[Event "Titled Tuesday intern op 09th Jan Early"]
[Site "Chess.com INT"]
[Date "2024.01.09"]
[Round "5"]
[White "Mohammadi, Melika"]
[Black "Kostiukov, Alexandr"]
[Result "1-0"]
[WhiteElo "2173"]
[BlackElo "2271"]
[PlyCount "107"]
[EventDate "2024.01.09"]
[EventType "swiss (blitz)"]
[EventRounds "11"]
[EventCountry "USA"]
[SourceTitle "CB03_2024"]
[SourceDate "2024.01.17"]
[SourceVersion "1"]
[SourceVersionDate "2024.01.17"]
[SourceQuality "1"]

1. e4 c5 2. Nf3 g6 3. d4 cxd4 4. Nxd4 Bg7 5. c4 Nc6 6. Be3 Nf6 7. Nc3 0-0 8. Be2 Nxd4 9. Bxd4 Qa5 10. 0-0 d6 11. Qc2 Be6 12. Rad1 Rfc8 13. b3 a6 14. Qb2 b5 15. cxb5 axb5 16. b4 Qa3 17. Qxa3 Rxa3 18. Rc1 Nxe4 19. Nxb5 Rxc1 20. Rxc1 Rxa2 21. Bf3 Bxd4 22. Nxd4 Nxf2 23. Nxe6 fxe6 24. b5 Nd3 25. Rb1 d5 26. b6 Ra8 27. Bg4 Kf7 28. Rf1+ Kg7 29. Bxe6 Rb8 30. Rb1 Nf4 31. Bd7 e5 32. b7 Nd3 33. Bc6 d4 34. Ra1 Nc5 35. Ra8 Nxb7 36. Rxb8 Nd6 37. Rd8 Nf5 38. Rd7+ Kf6 39. Kf2 h5 40. g3 Ne3 41. Ke2 Ng4 42. h3 Nh6 43. Kd3 Nf5 44. g4 hxg4 45. hxg4 Ne3 46. Bf3 Nf1 47. Rd6+ Kg5 48. Be4 Kf4 49. Rf6+ Kxg4 50. Rxf1 g5 51. Rg1+ Kf4 52. Rf1+ Kg3 53. Rf5 g4 54. Rxe5 1-0

[Event "Titled Tuesday intern op 19th Dec Early"]
[Site "Chess.com INT"]
[Date "2023.12.19"]
[Round "1"]
[White "Mohammadi, Melika"]
[Black "Pichot, Alan"]
[Result "0-1"]
[WhiteElo "2173"]
[BlackElo "2651"]
[PlyCount "88"]
[EventDate "2023.12.19"]
[EventType "swiss (blitz)"]
[EventRounds "11"]
[EventCountry "USA"]
[SourceTitle "CB52_2023"]
[SourceDate "2023.12.27"]
[SourceVersion "1"]
[SourceVersionDate "2023.12.27"]
[SourceQuality "1"]

1. e4 c5 2. Nf3 d6 3. d4 cxd4 4. Nxd4 Nf6 5. Nc3 a6 6. f3 e5 7. Nb3 Be6 8. Be3 Nbd7 9. g4 b5 10. g5 Nh5 11. Nd5 h6 12. gxh6 g6 13. Qd2 Bxd5 14. Qxd5 Rc8 15. 0-0-0 Qf6 16. Be2 Bxh6 17. Bxh6 Rxh6 18. Qxd6 Qxd6 19. Rxd6 Ng3 20. Re1 Rxh2 21. Bd3 Nb8 22. a3 Ke7 23. Rd5 f6 24. Kb1 Nd7 25. Rg1 Rh1 26. Rxh1 Nxh1 27. a4 bxa4 28. Na5 Nc5 29. Bc4 Nf2 30. Rd2 Nh3 31. Rh2 Ng5 32. Rf2 Ncxe4 33. fxe4 Rc5 34. Rg2 Rxa5 35. Bd5 Rc5 36. c3 a3 37. Rc2 axb2 38. Kxb2 f5 39. Rf2 fxe4 40. Bxe4 Nxe4 41. Rg2 Rc6 42. Rg4 Nxc3 43. Rg5 Kf6 44. Rg3 Nd1+ 0-1

[Event "Ayvalik Erik"]
[Site "Ayvalik"]
[Date "2023.11.22"]
[Round "2.1"]
[White "Mohammadi, Melika"]
[Black "Milanovic, Slavisa"]
[Result "1/2-1/2"]
[WhiteElo "2164"]
[BlackElo "2326"]
[PlyCount "81"]
[EventDate "2023.11.22"]
[EventType "schev"]
[EventRounds "10"]
[EventCountry "TUR"]
[SourceTitle "CB48_2023"]
[SourceDate "2023.11.29"]
[SourceVersion "1"]
[SourceVersionDate "2023.11.29"]
[SourceQuality "1"]
[WhiteTeam "Stars"]
[BlackTeam "Masters"]
[WhiteTeamCountry "TUR"]
[BlackTeamCountry "TUR"]

1. e4 e6 2. d4 d5 3. Nc3 Bb4 4. e5 c5 5. Bd2 Nh6 6. a3 Bxc3 7. Bxc3 cxd4 8. Qxd4 Nc6 9. Qf4 Qb6 10. 0-0-0 Nf5 11. Ne2 Bd7 12. g4 Nfe7 13. h4 0-0-0 14. h5 h6 15. Qg3 Rdf8 16. f4 f6 17. Nd4 fxe5 18. fxe5 Nxd4 19. Bxd4 Qc7 20. Rd3 Nc6 21. Rc3 b6 22. Bb5 Kb7 23. a4 Qd8 24. Bxc6+ Bxc6 25. a5 bxa5 26. Rb3+ Ka8 27. Qc3 Qc7 28. Ra3 Rf4 29. Rd1 Rc8 30. Rxa5 Bd7 31. Bxa7 Qxc3 32. bxc3 Ra4 33. Rxa4 Bxa4 34. Bd4 Rf8 35. Kd2 Bc6 36. Ke3 Kb7 37. Rg1 Kc7 38. Ra1 Bb7 39. Rg1 Bc6 40. Ra1 Bb7 41. Rg1 1/2-1/2

[Event "Titled Tuesday intern op 12th Sep Early"]
[Site "Chess.com INT"]
[Date "2023.09.12"]
[Round "11"]
[White "Mohammadi, Melika"]
[Black "Aghasiyev, Kamal"]
[Result "0-1"]
[WhiteElo "2164"]
[BlackElo "2441"]
[PlyCount "68"]
[EventDate "2023.09.12"]
[EventType "swiss (blitz)"]
[EventRounds "11"]
[EventCountry "USA"]
[SourceTitle "EXT 2024"]
[Source "ChessBase"]
[SourceDate "2023.10.10"]
[SourceVersion "1"]
[SourceVersionDate "2023.10.10"]
[SourceQuality "1"]

1. e4 e5 2. Nf3 Nc6 3. Bb5 a6 4. Ba4 Nf6 5. d3 b5 6. Bb3 Bc5 7. Nc3 d6 8. Nd5 h6 9. c3 Rb8 10. d4 Ba7 11. Nxf6+ Qxf6 12. Be3 0-0 13. h3 exd4 14. cxd4 Re8 15. Bc2 Nb4 16. Bb1 c5 17. e5 dxe5 18. dxe5 Qe7 19. 0-0 Bb7 20. a3 Rbd8 21. Qe2 Bxf3 22. Qxf3 Nd3 23. Bc2 c4 24. Bxa7 Qxa7 25. Rad1 Rxe5 26. Bxd3 cxd3 27. Rxd3 Rxd3 28. Qxd3 Qe7 29. Qc3 Re2 30. Rd1 Qe4 31. Qc8+ Kh7 32. Qg4 Qxg4 33. hxg4 Rxb2 34. Rd6 a5 0-1

[Event "Titled Tuesday intern op 12th Sep Early"]
[Site "Chess.com INT"]
[Date "2023.09.12"]
[Round "1"]
[White "Principe, Gerson"]
[Black "Mohammadi, Melika"]
[Result "1-0"]
[WhiteElo "2213"]
[BlackElo "2164"]
[PlyCount "83"]
[EventDate "2023.09.12"]
[EventType "swiss (blitz)"]
[EventRounds "11"]
[EventCountry "USA"]
[SourceTitle "EXT 2024"]
[Source "ChessBase"]
[SourceDate "2023.10.10"]
[SourceVersion "1"]
[SourceVersionDate "2023.10.10"]
[SourceQuality "1"]

1. Nf3 Nf6 2. c4 e6 3. Nc3 d5 4. d4 Be7 5. Bg5 0-0 6. e3 h6 7. Bh4 Ne4 8. Bxe7 Qxe7 9. Be2 Nxc3 10. bxc3 dxc4 11. Bxc4 c5 12. 0-0 Nc6 13. a4 b6 14. Be2 Bb7 15. Qb1 Rfd8 16. Rd1 Rac8 17. Qb2 Na5 18. Rac1 c4 19. Nd2 Qd7 20. Qb4 Ba6 21. Bf3 Nc6 22. Qa3 Qd6 23. Qa2 Na5 24. e4 e5 25. d5 Nb7 26. Bg4 Rc5 27. Be2 Na5 28. f3 Rdc8 29. Nf1 f5 30. Nd2 f4 31. Rb1 R8c7 32. Rb4 Nb3 33. Qb2 Nd4 34. Bf1 Nb3 35. Nxb3 cxb3 36. Bxa6 Rxc3 37. Rb5 R7c4 38. h3 Qg6 39. Qf2 Rc2 40. Qf1 b2 41. Rxb2 Rxb2 42. Bxc4 1-0

[Event "Titled Tuesday intern op 12th Sep Early"]
[Site "Chess.com INT"]
[Date "2023.09.12"]
[Round "4"]
[White "Royal, Shreyas"]
[Black "Mohammadi, Melika"]
[Result "0-1"]
[WhiteElo "2407"]
[BlackElo "2164"]
[PlyCount "92"]
[EventDate "2023.09.12"]
[EventType "swiss (blitz)"]
[EventRounds "11"]
[EventCountry "USA"]
[SourceTitle "EXT 2024"]
[Source "ChessBase"]
[SourceDate "2023.10.10"]
[SourceVersion "1"]
[SourceVersionDate "2023.10.10"]
[SourceQuality "1"]

1. Nf3 Nf6 2. c4 e6 3. g3 d5 4. Bg2 Be7 5. 0-0 0-0 6. b3 d4 7. e3 c5 8. exd4 cxd4 9. d3 Nc6 10. Ba3 a5 11. Re1 Bb4 12. Bxb4 axb4 13. a4 e5 14. Nxe5 Qd6 15. Nxc6 bxc6 16. Nd2 Bf5 17. Qf3 Bd7 18. a5 Qc7 19. a6 Qb6 20. Ne4 Nxe4 21. Qxe4 Rfe8 22. Qf4 Rxe1+ 23. Rxe1 Be6 24. Qd6 Rxa6 25. Bh3 c5 26. Qe7 Qd6 27. Rxe6 fxe6 28. Qe8+ Qf8 29. Bxe6+ Rxe6 30. Qxe6+ Kh8 31. Qd7 h6 32. f4 Qa8 33. Qf5 Qa1+ 34. Kg2 Qa2+ 35. Kh3 Qxb3 36. Kh4 Qc3 37. Kh5 Qa3 38. Qc8+ Kh7 39. Qxc5 Qxd3 40. Qxb4 Qe2+ 41. Kh4 Qxh2+ 42. Kg4 Qe2+ 43. Kf5 d3 44. c5 d2 45. c6 d1Q 46. Qc5 Qdd3# 0-1

[Event "Titled Tuesday intern op 05th Sep Early"]
[Site "Chess.com INT"]
[Date "2023.09.05"]
[Round "1"]
[White "Belozerov, Andrei"]
[Black "Mohammadi, Melika"]
[Result "0-1"]
[WhiteElo "2411"]
[BlackElo "2164"]
[PlyCount "56"]
[EventDate "2023.09.05"]
[EventType "swiss (blitz)"]
[EventRounds "11"]
[EventCountry "USA"]
[SourceTitle "EXT 2024"]
[Source "ChessBase"]
[SourceDate "2023.10.10"]
[SourceVersion "1"]
[SourceVersionDate "2023.10.10"]
[SourceQuality "1"]

1. d4 Nf6 2. c4 e6 3. g3 d5 4. Nf3 dxc4 5. Bg2 a6 6. 0-0 Nc6 7. e3 Bd7 8. Qe2 Bd6 9. Qxc4 Qe7 10. Nc3 h6 11. Rd1 0-0 12. Bd2 e5 13. d5 b5 14. Qe2 Na5 15. e4 b4 16. Nb1 Bb5 17. Qe1 Nc4 18. Bc1 Bc5 19. Nbd2 Ng4 20. Nxc4 Bxf2+ 21. Qxf2 Nxf2 22. Kxf2 Bxc4 23. b3 Bb5 24. Bb2 f5 25. Kg1 Be2 26. Re1 Bxf3 27. Bxf3 Qc5+ 28. Kh1 Qf2 0-1

[Event "Titled Tuesday intern op 05th Sep Early"]
[Site "Chess.com INT"]
[Date "2023.09.05"]
[Round "6"]
[White "Kuznetsov, Mikhail V"]
[Black "Mohammadi, Melika"]
[Result "1-0"]
[WhiteElo "2246"]
[BlackElo "2164"]
[PlyCount "103"]
[EventDate "2023.09.05"]
[EventType "swiss (blitz)"]
[EventRounds "11"]
[EventCountry "USA"]
[SourceTitle "EXT 2024"]
[Source "ChessBase"]
[SourceDate "2023.10.10"]
[SourceVersion "1"]
[SourceVersionDate "2023.10.10"]
[SourceQuality "1"]

1. Nf3 Nf6 2. g3 d5 3. Bg2 e6 4. 0-0 Be7 5. d4 0-0 6. c4 dxc4 7. Qa4 a6 8. Qxc4 b5 9. Qc2 Bb7 10. Bg5 Be4 11. Qc1 Nbd7 12. Nbd2 Bb7 13. Bxf6 Nxf6 14. Nb3 Ra7 15. Ne5 Bxg2 16. Kxg2 Qa8+ 17. Kg1 Bd6 18. Nc6 Rb7 19. Qc2 Rb6 20. Nba5 Nd5 21. a3 Rc8 22. b4 Ne7 23. Rac1 Nxc6 24. Nxc6 Re8 25. e4 e5 26. d5 Qc8 27. Qe2 f5 28. Qd3 Rf8 29. exf5 Qxf5 30. Qxf5 Rxf5 31. f3 Kf8 32. Kg2 Ke8 33. Rfe1 Kd7 34. Re4 Rb7 35. h4 Rb6 36. Rc2 Rb7 37. Rc3 Rb6 38. Kh3 g6 39. Kg2 Rb7 40. Rce3 Rb6 41. g4 Rf4 42. Rxf4 exf4 43. Re4 Rb7 44. h5 Rb6 45. hxg6 hxg6 46. Kf2 g5 47. Ke2 Rb7 48. Re6 Rb6 49. Rg6 a5 50. bxa5 Ra6 51. Rg8 Bxa3 52. Rd8# 1-0